Statistieken voor Europese Geografie Meerkeuze #4

Klik hier om de quiz te nemen!

Algemene statistieken

  • Deze quiz is 34 keer genomen
  • De gemiddelde score is 14 van 21

Antwoordstatistieken

VraagAntwoord% Correct
Wat is de meest voorkomende valuta in EuropaEuro
97%
Wat is de grootste stad van Portugal na Lissabon?Porto
90%
Wat is de hoofdstad van Slowakije?Bratislava
87%
Wat is de officiële taal van Liechtenstein?Duits
87%
Wat is de drukste haven van Europa?Rotterdam
87%
Wat is de hoofdstad van Hongarije?Boedapest
84%
Welk Europees land grenst aan Brazilië?Frankrijk
84%
Hoe heet het verblijf van de koningin van het Verenigd Koninkrijk?Buckingham Palace
81%
Wat is de hoofdstad van Estland?Tallinn
81%
Wat is het grootste Franse eiland?Corsica
77%
Wat is de hoofdstad van Moldavië?Chisinau
71%
Welke drie kleuren heeft de vlag van Wit-Rusland?Wit, Rood en Groen
71%
Welk gebergte ligt onder andere in Roemenië?Karpaten
65%
Wat was de hoofdstad van Joegoslavië?Belgrado
52%
Welk gebouw in Berlijn heeft de meeste bezoekers per jaar?Brandenburger Tor
48%
Wat was de valuta van Portugal voor de invoering van de Euro?Escudo
48%
Welk Europees land behoorde tot 1979 bij Groot-Brittannië?Malta
45%
In welke zee stroomt de Elbe?Noord Zee
42%
Welke Engelse stad ligt hemelsbreed het dichtst bij het Europese vasteland?Brighton
39%
Wat is de valuta van Kroatië?Kuna
32%
Welke landen hebben een adelaar op hun vlag staan?Servië, Albanië en Montenegro
23%

Scoreverdeling

Percentiel versus Aantal Correcte Antwoorden

Procent van Mensen met Elke Score

Uw Scoregeschiedenis

U heeft deze quiz nog niet genomen